Reading Street Grade 6 : (Record no. 11666)
[ view plain ]
| 000 -LEADER | |
|---|---|
| fixed length control field | 00636nam a22001937a 4500 |
| 003 - CONTROL NUMBER IDENTIFIER | |
| control field | OSt |
| 005 - DATE AND TIME OF LATEST TRANSACTION | |
| control field | 20140310182310.0 |
| 008 - FIXED-LENGTH DATA ELEMENTS--GENERAL INFORMATION | |
| fixed length control field | 130918t xxu||||| |||| 00| 0 eng d |
| 020 ## - INTERNATIONAL STANDARD BOOK NUMBER | |
| International Standard Book Number | 9780328504503 |
| 050 ## - LIBRARY OF CONGRESS CALL NUMBER | |
| Classification number | PE 1119 |
| Item number | .F527g6 2011 |
| 082 ## - DEWEY DECIMAL CLASSIFICATION NUMBER | |
| Classification number | TR 372.4 |
| Item number | F716m6f 2011 |
| 100 ## - MAIN ENTRY--PERSONAL NAME | |
| Personal name | Foresman, Scott |
| 9 (RLIN) | 2517 |
| 245 ## - TITLE STATEMENT | |
| Title | Reading Street Grade 6 : |
| Remainder of title | first stop/ |
| Statement of responsibility, etc | Scott Foresman; program authors, Peter Afflerbach ... [et al.]. |
| 300 ## - PHYSICAL DESCRIPTION | |
| Extent | 229 p. ; |
| Other physical details | col. ill. ; |
| Dimensions | 31 cm. |
| 650 ## - SUBJECT ADDED ENTRY--TOPICAL TERM | |
| Topical term or geographic name as entry element | Reading |
| General subdivision | Study and Teaching |
| 9 (RLIN) | 20870 |
| 650 ## - SUBJECT ADDED ENTRY--TOPICAL TERM | |
| Topical term or geographic name as entry element | Reading (Elementary) |
| General subdivision | Handbooks, manuals, etc |
| 9 (RLIN) | 20871 |
| 942 ## - ADDED ENTRY ELEMENTS (KOHA) | |
| Source of classification or shelving scheme | Library of Congress Classification |
| Koha item type | |
| Withdrawn status | Lost status | Source of classification or shelving scheme | Damaged status | Home library | Current library | Shelving location | Date acquired | Total Checkouts | Full call number | Barcode | Date last seen | Copy number | Price effective from | Koha item type |
|---|---|---|---|---|---|---|---|---|---|---|---|---|---|---|
| Library of Congress Classification | Luxembourg Library | Luxembourg Library | Teachers Reference Section | 09/18/2013 | PE 1119 .F527g6 2011 | 19457 | 09/18/2013 | 1 | 09/18/2013 | Books |